000 03041cam a22004091ia4500
003 SA-RiAUC
005 20250224074515.0
008 250224s1985 le a g b 00110 ara c
040 _aSA-QaQU
_bara
_cSA-RiAUC
_erda
082 0 4 _a237.6
_qSA-RiAUC
090 _a237.6
_b ا ل ب
100 1 _aالألباني، محمد ناصر الدين،
_d1914-1999
_eمؤلف.
245 1 0 _aإرواء الغليل في تخريج أحاديث منار السبيل /
_cتأليف محمد ناصر الدين الألباني ؛ إشراف محمد زهير الشاويش.
246 3 0 _aتخريج أحاديث منار السبيل
250 _aالطبعة الثانية.
264 1 _aبيروت :
_bالمكتب الإسلامي،
_c1985
300 _a9 مجلد :
_bإيضاحيات ؛
_c24 × 17 سم
336 _aنص
_btxt
_2rdacontent
_3كتاب
337 _aبدون وسيط
_bn
_2rdamedia
338 _aمجلد
_bnc
_2rdacarrier
500 _aيشتمل على كشافات.
500 _aالمكتبة يتوافر بها : مجلد 1.
504 _aيشتمل على إرجاعات ببليوجرافية.
590 _aهادي.
650 7 _aالفقه الحنبلي
_2aucsh
650 7 _aالحديث
_xإسناد
_2aucsh
650 7 _aالحديث
_xمستخرجات
_2aucsh
650 7 _aالحديث
_xمسند ابن حنبل
_2aucsh
700 1 _aالشاويش، زهير،
_d1925-2013
_eمشرف.
700 1 2 _iتخريج لـ (عمل) :
_aابن ضويان، إبراهيم بن محمد بن سالم،
_d1275-1353 هجري.
_tمنار السبيل في شرح الدليل.
700 1 2 _iشرح لـ (عمل) :
_aمرعي الكرمي، مرعي بن يوسف بن أبي بكر،
_dتوفي 1033 هجري.
_tدليل الطالب لنيل المطالب
856 _uhttp://www.saaid.net/book/1/362.rar
_yDigital Copy
_2 نرجو الانتباه لإمكانية وجود اختلاف في الطبعة أو الناشر بين البيانات على البوابة وما ستجده على الكتاب نظرا لمحدودية المعلومات المتاحة على الموقع الناشر للمادة.
_3Please note that there may be a difference in the edition or publisher between the data on the portal and the book due to the limited information available on the publisher website for the material.
856 _uhttp://saaid.net/book/open.php?cat=91&book=836
_yExternal Link
_2 نرجو الانتباه لإمكانية وجود اختلاف في الطبعة أو الناشر بين البيانات على البوابة وما ستجده على الكتاب نظرا لمحدودية المعلومات المتاحة على الموقع الناشر للمادة.
_3Please note that there may be a difference in the edition or publisher between the data on the portal and the book due to the limited information available on the publisher website for the material.
942 _2ddc
_cBOOK
_n0
949 _aSA-JeALM
_d250224
_ueid123
_n1
999 _c6190
_d6190